Culture générale par lettre - B. - Statistiques

Statistiques générales
  • Ce quiz a été pris 7 444 fois
  • Le résultat moyen est 11 sur 15
Statistiques - réponses
Questions Réponses % Correct
Voiliers, yachts ou barques par exemple. Bateau
99%
Prise le 14 juillet 1789. Bastille
97%
Petite éponge jaune de dessin animé, vivant avec "Gary" son escargot. Bob l'éponge
96%
La capitale de ce pays est Sofia. Bulgarie.
95%
Célèbre petite poupée blonde créée en 1959. Barbie
91%
Science qui a pour objet l'étude de la matière vivante et des êtres vivants. Biologie
90%
Chanteuse Américaine née en 1981, ayant débuté sa carrière au sein du groupe "Destiny's Child". Beyoncé
84%
Prénom du 44ème président des États-Unis d’Amérique. Barack
67%
Gardien de but français lors de la coupe du monde 1998. Fabien Barthez
63%
Dynastie qui a régné en France de 1589 à 1789. Bourbon
61%
Capitale de la Slovaquie. Bratislava
60%
Réalisateur Américain de films comme "Beetlejuice", "Batman" ou "Edward aux mains d’argent". Tim Burton
52%
Jeu avec plusieurs variantes comme "le snooker", "le blackball" ou "le carambole". Billard
50%
Premier volet de la saga, c'est une comédie policière Américaine sortie en 1995, avec Will Smith et Martin Lawrence. Bad boys
45%
Chanson disco interprétée par Patrick Hernandez en 1979. Born to be alive
42%
Aucun quiz correspondant
Distribution des résultats
% des personnes avec chaque résultat
Percentile par nombre de réponses
Votre historique - résultats
Vous n’avez pas pris ce quiz